LEADER 01049nam a2200253 4500 001 000000332351 003 CaOOAMICUS 005 20190129140259.0 008 190129s1991 fr 000 u fre r 020 $a2-02-013453-5 040 $aSeMil$bita 100 1 $aRicoeur, Paul,$d<1913-2005>.$0(OLS)http://semarc/name/675 245 10$a2: La configuration dans le récit de fiction. 264 1$aParis :$bÉditions du Seuil,$c1991. 300 $a298 p. ;$c18 cm 490 1 $aPoints. Essais ;$v228 773 0 $aRicoeur, Paul <1913-2005>$tTemps et récit.$dParis : Éditions du Seuil, 1991.$w()332348 830 0$aPoints. Essais ;$v228.$0(OLS)http://semarc/title/17587 850 $aSeMil 852 $aSeMil$W1$xVenegono$y1$m1Q I 67$j212596$B224128$CSeMilBibl$Z2$F224128 $81 996 $6020$a2-02-013453-5$9(OLS)http://semarc/number/286413 996 $6245$a2: La configuration dans le récit de fiction$9(OLS)http://semarc/title/421177 996 $6264$aParis :$bÉditions du Seuil$9(OLS)http://semarc/publisher/29806 LEADER 01371nam a2200289 i 4500 001 000000033926 003 CaOOAMICUS 005 20090807000000.0 008 090807s1969 it u000 u ita u 040 $aSeMil$bita 100 1 $aGrelot, Pierre,$d<1917-2009>.$0(OLS)http://semarc/name/5245 240 10$aBible et théologie.$0(OLS)http://semarc/title/45587 245 13$aLa Bibbia e la teologia /$cP. Grelot ; [versione italiana di Camilla Castiglioni, con la collaborazione di Enzo Lodi]. 260 $aRoma [etc.] :$bDesclée & C.-Editori Pontifici,$c1969. 300 $aXIX, 207 p. ;$c23 cm. 490 0 $aIl mistero cristiano ;$v. 650 4$aBibbia e teologia.$0(OLS)http://semarc/subject/5454 650 4$aBibbia - Canone.$0(OLS)http://semarc/subject/1073 650 4$aBibbia - Interpretazione.$0(OLS)http://semarc/subject/1295 650 4$aBibbia - Ispirazione divina.$0(OLS)http://semarc/subject/5455 700 1 $aCastiglioni, Camilla.$0(OLS)http://semarc/name/15428 830 3$aIl mistero cristiano ;$v.$0(OLS)http://semarc/title/28972 850 $aSeMil 852 $aSeMil$W1$xVenegono$y1$m2B I 481$j81$B81$CSeMilBibl$Z2$F81 $81 961 $aOmaggio: Donazione 996 $6245$aLa Bibbia e la teologia$9(OLS)http://semarc/title/45586 996 $6260$aRoma [etc.] :$bDesclée & C.-Editori Pontifici$9(OLS)http://semarc/publisher/35412